| 000 | 00680nam a2200277Ia 4500 | ||
|---|---|---|---|
| 008 | 190123s9999 xx 000 0 und d | ||
| 020 | _a0590516612 | ||
| 050 | _bR783 1998 | ||
| 100 | _aRoot, Phyllis | ||
| 245 | 0 | _aOne duck stuck / | |
| 245 | 0 | _cby Phyllis Root ; illustrated by Jane Chapman. | |
| 260 | _aNew York, New York : | ||
| 260 | _bScholastic, | ||
| 260 | _c1998 | ||
| 300 | _aunpaged : | ||
| 300 | _bcolored illustrations ; | ||
| 300 | _c23cm. | ||
| 500 | _a210L | ||
| 650 | _aAnimals. | ||
| 650 | _aCounting. | ||
| 650 | _aCounting-out rhymes. | ||
| 650 | _aDucks. | ||
| 650 | _aMarsh animals. | ||
| 700 | _aChapman, Jane. | ||
| 700 | _aTitle. | ||
| 999 |
_c361026 _d361026 |
||